000 00483nam a2200181Ia 4500
001 8414
005 20260306160607.0
008 260306t2023||||xx |||||||||||||| ||spa||
041 _aESP
082 _a370.9
_bG18
100 _aGamble, Richard M.
_eAUT
245 4 _aThe great tradition :
_bclassic reading on what it means to be an educated human being
260 _c2023
300 _axix, 667 páginas :
_c25 cm.
650 _aGEN
654 _aCED
942 _cLIB
_dJUS
_fJUS
_2ddc
_n
999 _c8414
_d8414